Plan estratégico 2015-2020 para la empresa Consultores Agroindustriales del Norte Nora gro Consultores, en la ciudad de Estelí, Nicaragua

El presente trabajo trata sobre el diseño de un plan estratégico 2015-2020 para la empresa NORAGRO CONSULTORES que permita el establecimiento de los conceptos estratégicos fundamentales (misión, visión, valores), así como la estrategia empresarial que permita a la empresa lograr una posición...

Full description

Bibliographic Details
Main Authors: Aráuz Cruz, Xochilth Graciela, Mejia Morales, Jeny Edilda
Other Authors: Tutor: Fuentes Espinoza, Oscar Danilo
Format: Tesis Section = Libro
Language:Undetermined
Spanish
Published: Managua UNI 2015
Subjects:
LEADER 01288nam a2200265Ia 4500
008 240830s9999 xx 000 0 und d
040 |a BIBLIOTECA-RUSB/ M.Mon 658.4012 A663 
041 |a spa 
082 |a M.Mon 658.4012 A663 
100 1 |a Aráuz Cruz, Xochilth Graciela 
100 1 |b Mejia Morales, Jeny Edilda 
245 1 0 |a Plan estratégico 2015-2020 para la empresa Consultores Agroindustriales del Norte Nora gro Consultores, en la ciudad de Estelí, Nicaragua 
260 |a Managua  |b UNI  |c 2015 
300 |a VIII, 121 p. :il. 
500 |a Contiene: anexos y CD. 
502 |a Tesis (Máster en Gestión Empresarial) - UNI, 2015. 
520 3 |a El presente trabajo trata sobre el diseño de un plan estratégico 2015-2020 para la empresa NORAGRO CONSULTORES que permita el establecimiento de los conceptos estratégicos fundamentales (misión, visión, valores), así como la estrategia empresarial que permita a la empresa lograr una posición competitiva dentro de la industria de servicios de consultorías 
650 7 |a PLANEACION ESTRATEGICA 
650 7 |b  ESTRATEGIAS ADMINISTRATIVA 
650 7 |c  PLAN ESTRATEGICO 
650 7 |d  ESTRATEGIA ORGANIZACIONAL 
700 1 |a Tutor:  |b Fuentes Espinoza, Oscar Danilo 
942 |c BK  |2 ddc 
991 |a TESIS 
999 |c 19376